000
00216 a2200097 4500
001
15087
100
_a
Fox C.S
245
_a
Physical geog for Indian std
260
_a
London
_b
Macmillan pub
_c
090
_c
11842
_d
11842
942
_a
NUST-CAE
_c
M
_c
2050
999
_c
250160
_d
250160